书目信息 |
| 题名: |
中草药家庭治疗
|
|
| 作者: | 郭力群 , 郭美琳 编著 | |
| 分册: | 常见病 | |
| 出版信息: | 上海 上海远东出版社 2000 |
|
| 页数: | 223页 | |
| 开本: | 19cm | |
| 丛书名: | 东方保健系列 | |
| 单 册: | ||
| 中图分类: | R243 | |
| 科图分类: | ||
| 主题词: | 常见病--中药疗法 , 常见病 , 中药疗法 | |
| 电子资源: | ||
| ISBN: | 7-80661-234-3 | |
| 000 | 00852oam2 2200277 450 | |
| 001 | 1533719011 | |
| 005 | 20150131092222.25 | |
| 010 | @a7-80661-234-3@dCNY8.00 | |
| 100 | @a20010308d2000 em y0chiy0110 ea | |
| 101 | 0 | @achi |
| 102 | @aCN@b310000 | |
| 105 | @ay z 000yy | |
| 200 | 1 | @a中草药家庭治疗@9zhong cao yao jia ting zhi liao@i常见病@f郭力群,郭美琳编著 |
| 210 | @a上海@c上海远东出版社@d2000 | |
| 215 | @a223页@d19cm | |
| 225 | 2 | @a东方保健系列 |
| 330 | @a本书内容包括:感冒、呕吐、偏头疼、口疮、脱肛、心动过速、高血压、便秘、前列腺肥大、消瘦、血尿和遗精等。 | |
| 461 | 0 | @12001 @a东方保健系列 |
| 606 | 0 | @a常见病@x中药疗法 |
| 606 | 0 | @a常见病 |
| 606 | 0 | @a中药疗法 |
| 690 | @aR243@v5 | |
| 701 | 0 | @a郭力群@9guo li qun@4编著 |
| 701 | 0 | @a郭美琳@9guo mei lin@4编著 |
| 801 | 0 | @aCN@bTSSF@c20150131 |
| 905 | @aZUCC@dR243@eJY170 | |
| 中草药家庭治疗.常见病/郭力群,郭美琳编著.-上海:上海远东出版社,2000 |
| 223页;19cm.-(东方保健系列) |
| ISBN 7-80661-234-3:CNY8.00 |
| 本书内容包括:感冒、呕吐、偏头疼、口疮、脱肛、心动过速、高血压、便秘、前列腺肥大、消瘦、血尿和遗精等。 |
| ● |
| 相关链接 |
|
|
|
|
正题名:中草药家庭治疗
索取号:R243/JY170
 
预约/预借
| 序号 | 登录号 | 条形码 | 馆藏地/架位号 | 状态 | 备注 |
| 1 | 7863093 | 278630938 | 学院路分馆/ [索取号:R243/JY170] | 在馆 | |
| 2 | 7863094 | 278630947 | 学院路分馆/ [索取号:R243/JY170] | 在馆 | |
| 3 | 7863106 | 278631063 | 学院路分馆/ [索取号:R243/JY170] | 在馆 |